| 000 | 00704nam a22002297a 4500 | ||
|---|---|---|---|
| 005 | 20231004144430.0 | ||
| 008 | 160128b2014 xxu||||| |||| 00| 0 spa d | ||
| 020 | _a9789968480840 | ||
| 041 | _aESP | ||
| 082 | _a304.82 M741d | ||
| 100 |
_aMondol López; Lenín _92475 |
||
| 100 |
_aAmador Hernández, Gustavo _92476 |
||
| 245 | _aDiagnóstico socioeconómico y de oportunidades de mercado para la población migrante de la subregión de los Santos | ||
| 260 |
_aCosta Rica _bEUNED _c2014 |
||
| 300 | _a180 páginas | ||
| 650 | _aCOSTA RICA | ||
| 650 | _aEMIGRACION | ||
| 650 | _aINMIGRACION | ||
| 650 | _aMULTICULTURISMO | ||
| 650 | _aZONA DE LOS SANTOS | ||
| 942 |
_cBK _2ddc |
||
| 999 |
_c7575 _d7575 |
||